Normal view
MARC view
- Riches, Colin R.
Entry Personal Name
001 - CONTROL NUMBER
- control field: 4505
003 - CONTROL NUMBER IDENTIFIER
- control field: OSt
005 - DATE AND TIME OF LATEST TRANSACTION
- control field: 20170515142131.0
008 - FIXED-LENGTH DATA ELEMENTS
- fixed length control field: 170515|| aca||aabn | a|a d
040 ## - CATALOGING SOURCE
- Original cataloging agency: OSt
- Transcribing agency: OSt
100 ## - HEADING--PERSONAL NAME
- Personal name: Riches, Colin R.
- Dates associated with a name: 1931-
- Fuller form of name: (Colin Roderick)
670 ## - SOURCE DATA FOUND
- Source citation: Work cat.: (OSt): Human resource management in education , 1989

PORTAL AKMAL
E-MEL JKDM
AKMAL2U
G-BAM
u-PUSTAKA